| 000 | 01354nam a22003617a 4500 | ||
|---|---|---|---|
| 003 | CHAP | ||
| 005 | 20220329134523.0 | ||
| 008 | 971013s1978 co a r 00010 spa d | ||
| 010 | _a21566 | ||
| 011 | _a22538 | ||
| 035 | _a26633 | ||
| 040 | _cCHAP | ||
| 082 | 0 | 4 |
_a574.192 _bB6 1976 |
| 100 | 0 | 0 |
_aBohinski, Robert C. _913430 |
| 245 | 1 | _aBioquímica | |
| 260 |
_aBogotá : _bFondo Educativo Interamericano, _c1978 |
||
| 300 |
_a667 p. _b: ilus. |
||
| 500 | _aTrad. de la 2 ed. en inglés de 1976 | ||
| 590 |
_aBATCH-UPD _b10 _c20130110 _lUCH01 _h0139 |
||
| 590 |
_aBATCH-UPD _b10 _c20130110 _lUCH01 _h2045 |
||
| 590 |
_aBATCH-UPD _b10 _c20130410 _lUCH01 _h1358 |
||
| 590 |
_aBATCH-UPD _b10 _c20130914 _lUCH01 _h0643 |
||
| 590 |
_aCONVERSION _b10 _c20130109 _lUCH01 _h1313 |
||
| 650 | 1 | 4 |
_aBioquímica. _912849 |
| 901 | _aBK | ||
| 942 | _cLIBRO | ||
| 949 |
_a574.192 B6 1976 _bBC _cLIBRO _d-61366 _eLIBRO _h60038 _i26633 _si |
||
| 949 |
_a574.192 B6 1976 _bBC _cLIBRO _d33724000471017 _eLIBRO _fc.4 _h66464 _i26633 _si |
||
| 949 |
_a574.192 B6 1976 _bBC _cLIBRO _d33724000793089 _eLIBRO _fc.5 _h66465 _i26633 _si |
||
| 949 |
_a574.192 B6 1976 _bBC _cLIBRO _d33724000936373 _eLIBRO _fc.3 _h66463 _i26633 _si |
||
| 949 |
_a574.192 B6 1976 _bBC _cLIBRO _d33724000943114 _eLIBRO _fc.2 _h60039 _i26633 _si |
||
| 949 |
_a574.192 B6 1976 _bBC _cLIBRO _d33724002230256 _eLIBRO _fc.6 _h113983 _i26633 _si |
||
| 999 |
_c21566 _d21566 |
||